<?xml version="1.0" encoding="UTF-8"?>
<collection xmlns="http://www.loc.gov/MARC21/slim">
 <record>
  <leader>01789nam a2200277 a 4500</leader>
  <controlfield tag="001">TVCDKTCT8227</controlfield>
  <controlfield tag="003">Thư viện trường Cao đẳng Kỹ thuật Cao Thắng</controlfield>
  <controlfield tag="005">20070904000000</controlfield>
  <controlfield tag="008">070904</controlfield>
  <datafield tag="980" ind1="\" ind2="\">
   <subfield code="a">Thư viện Trường CĐ Kỹ Thuật Cao Thắng</subfield>
  </datafield>
  <datafield tag="024" ind1=" " ind2=" ">
   <subfield code="a">RG_1 #1 eb0 i1</subfield>
  </datafield>
  <datafield tag="020" ind1="#" ind2="#">
   <subfield code="a">007293588X</subfield>
  </datafield>
  <datafield tag="041" ind1="0" ind2="#">
   <subfield code="a">vie</subfield>
  </datafield>
  <datafield tag="082" ind1="#" ind2="#">
   <subfield code="a">330 / </subfield>
   <subfield code="b">M100N-i</subfield>
  </datafield>
  <datafield tag="100" ind1="1" ind2="#">
   <subfield code="a">OBrien James A.</subfield>
  </datafield>
  <datafield tag="245" ind1="0" ind2="0">
   <subfield code="a">Management Information Systems /</subfield>
   <subfield code="c">OBrien James A., Marakas George</subfield>
  </datafield>
  <datafield tag="250" ind1="#" ind2="#">
   <subfield code="a">Tái bản lần thứ 7</subfield>
  </datafield>
  <datafield tag="260" ind1="#" ind2="#">
   <subfield code="a">American :</subfield>
   <subfield code="b">McGraw Hill ,</subfield>
   <subfield code="c">2006</subfield>
  </datafield>
  <datafield tag="300" ind1="#" ind2="#">
   <subfield code="a">592tr. ;</subfield>
   <subfield code="c">27cm</subfield>
  </datafield>
  <datafield tag="520" ind1="#" ind2="#">
   <subfield code="a">Book Description</subfield>
  </datafield>
  <datafield tag="520" ind1="#" ind2="#">
   <subfield code="a">This new Seventh Edition is designed for business students who are or who will soon become business professionals in the fast changing business world of today. The goal of this text is to help business students learn how to use and manage information technologies to revitalize business processes, improve business decision making, and gain competitive advantage. Thus it places a major emphasis on up-to-date coverage of the essential role of Internet technologies in providing a platform for business, commerce, and collaboration processes among all business stakeholders in today’s networked enterprises and global markets. The benchmark text for the syllabus organized by technology, this text appraoches the material from a managerial perspective. O’Brien defines technology and then explains how companies use the technology to improve performance. Real world cases finalize and enhance the explanation. </subfield>
  </datafield>
  <datafield tag="520" ind1="#" ind2="#">
   <subfield code="a">About the Author</subfield>
  </datafield>
  <datafield tag="520" ind1="#" ind2="#">
   <subfield code="a">Jim is affiliated with NAU, but no longer actively teaching there</subfield>
  </datafield>
  <datafield tag="650" ind1="#" ind2="4">
   <subfield code="a">Kinh tế</subfield>
  </datafield>
  <datafield tag="650" ind1="#" ind2="4">
   <subfield code="a">Kinh tế --  quản lý</subfield>
  </datafield>
  <datafield tag="700" ind1="0" ind2="#">
   <subfield code="a">Marakas George</subfield>
  </datafield>
 </record>
</collection>
